Normal view
MARC view
- ELECTRONIC DIGITAL COMPUTERS-PROGRAMMING-ECONOMIC ASPECTS.ELECTRONIC DIGITAL COMPUTERS-PROGRAMMING-ECONOMIC ASPECTS-CASE STUDIES.SOFTWARE ENGINEERING ECONOMICS
Entry Topical Term
001 - CONTROL NUMBER
- control field: 69107
003 - CONTROL NUMBER IDENTIFIER
- control field: NUST
005 - DATE AND TIME OF LATEST TRANSACTION
- control field: 20210628204155.0
008 - FIXED-LENGTH DATA ELEMENTS
- fixed length control field: 210628|| aca||aabn | a|a d
040 ## - CATALOGING SOURCE
- Original cataloging agency: NUST
- Transcribing agency: NUST
150 ## - HEADING--TOPICAL TERM
- Topical term or geographic name entry element: ELECTRONIC DIGITAL COMPUTERS-PROGRAMMING-ECONOMIC ASPECTS.ELECTRONIC DIGITAL COMPUTERS-PROGRAMMING-ECONOMIC ASPECTS-CASE STUDIES.SOFTWARE ENGINEERING ECONOMICS
670 ## - SOURCE DATA FOUND
- Source citation: Work cat.: (NUST): Boehm, Barry.W 69106, Software engineering economics, 1986
